| 000 | 00519nam a2200181Ia 4500 | ||
|---|---|---|---|
| 008 | 090201s9999 xx 000 0 und d | ||
| 010 | _aKPL-65226 | ||
| 040 | _bमराठी | ||
| 041 | _aमराठी | ||
| 082 |
_a3623 _b65226 |
||
| 100 | _a कलंदर | ||
| 245 |
_aआणखी कानोकानी _c कलंदर |
||
| 250 | _a1 | ||
| 260 |
_c2003 _bरोहन प्रकाशन |
||
| 300 |
_a168 _bमोठा |
||
| 600 | _aआणखी कानोकानी | ||
| 942 | _cBOOK | ||
| 999 |
_c204744 _d204744 |
||